Cartas sobre los sucesos acaecidos en Egipto durante el período de la última guerra / (Record no. 159110)
[ view plain ]
| 000 -LEADER | |
|---|---|
| campo de control de longitud fija | 00687nam a2200157 i 4500 |
| 001 - NÚMERO DE CONTROL | |
| campo de control | 159110 |
| 003 - IDENTIFICADOR DE NÚMERO DE CONTROL | |
| campo de control | ES-MaACL |
| 005 - FECHA Y HORA DE LA ÚLTIMA TRANSACCIÓN | |
| campo de control | 20230906211441.0 |
| 008 - DATOS DE LONGITUD FIJA--INFORMACIÓN GENERAL | |
| campo de control de longitud fija | 040913s1883 sp c |||| | spa d |
| 040 ## - FUENTE DE CATALOGACIÓN | |
| Centro catalogador/agencia de origen | CAM |
| Lengua de catalogación | spa |
| Centro/agencia transcriptor | CAM |
| 100 1# - ENTRADA PRINCIPAL--NOMBRE DE PERSONA | |
| Nombre de persona | Masiá Lucas, Hugolino. |
| 9 (RLIN) | 129696 |
| 245 10 - MENCIÓN DEL TÍTULO | |
| Título | Cartas sobre los sucesos acaecidos en Egipto durante el período de la última guerra / |
| Mención de responsabilidad, etc. | escritas pr el P. Hugolino Masiá Lucas, M.O. |
| 260 ## - PUBLICACIÓN, DISTRIBUCIÓN, ETC. | |
| Lugar de publicación, distribución, etc. | Barcelona : |
| Nombre del editor, distribuidor, etc. | Imprenta de Jaime Jepús, |
| Fecha de publicación, distribución, etc. | 1883. |
| 300 ## - DESCRIPCIÓN FÍSICA | |
| Extensión | 230 p., [11] h. de lám. ; |
| Dimensiones | 21 cm. |
| 852 ## - LOCALIZACIÓN | |
| Ubicación | ES-MaACL |
| Número de control de estantería | D-609 |
| Nota libre | -- Enc. piel conservando la cub. original |
| -- | -- Legado de M. De La Fuente |
| -- | -- Ded. ms. del autor al Conde de Torrematas, 1883 |
| Estatus retirado | Estado de pérdida | Estado de daño | No para préstamo | Colección | Biblioteca de origen | Biblioteca actual | Ubicación en estantería | Fecha de adquisición | Fuente de adquisición | Total de préstamos | Signatura topográfica completa | Código de barras | Visto por última vez | Precio de reemplazo | Tipo de ítem Koha |
|---|---|---|---|---|---|---|---|---|---|---|---|---|---|---|---|
| Libros del s. XIX | Biblioteca del Ateneo de Madrid | Biblioteca del Ateneo de Madrid | Sala Valle Inclán | 17/01/2008 | D-609 | 901166564 | 23/02/2023 | 23/02/2023 | Libro impreso antiguo |
